| 000 | 00622nam a2200193 a 4500 | ||
|---|---|---|---|
| 001 | 000047773 | ||
| 005 | 20201002060728.0 | ||
| 008 | 180808s2018 dr a 000 0 spa d | ||
| 020 | _a9789945124941 | ||
| 040 |
_aDO-SdBNP _bspa _cBNPHU |
||
| 082 |
_axxx _bS582f, 5to., 2018 |
||
| 100 | 1 |
_aSilega, Santiago _975363 |
|
| 245 | 1 | 0 |
_aFormación integral, humana y religiosa 5 : _bsecundaria / _cSantiago Silega. |
| 260 |
_aSanto Domingo : _bSusaeta, _c2018. |
||
| 300 |
_a136 p. : _bil. ; _c29 cm. |
||
| 500 | _aEnfoque por competencias. Nuevo currículo | ||
| 500 | _aBibliografía: p. 136 | ||
| 590 | _aInventariado, 2018/MFF | ||
| 999 |
_c47261 _d47261 |
||